| 000 | 00542 a2200205 4500 | ||
|---|---|---|---|
| 005 | 20260310123842.0 | ||
| 008 | 260310b |||||||| |||| 00| 0 eng d | ||
| 020 |
_a9789363639690 _cRs. 995.00 |
||
| 040 | _aMAIN | ||
| 082 |
_a632.3 _bK527F |
||
| 100 | _aKharayat, Bhupendra Singh | ||
| 245 | _aFundamentals of plant pathology | ||
| 260 |
_bMedTech Science Press _c2025 _aNew Delhi |
||
| 300 | _axv, 631 | ||
| 650 | _aAgriculture | ||
| 650 | _aPlant Injuries | ||
| 650 | _aPlant Diseases | ||
| 650 | _aPlant Pathology | ||
| 942 | _cBK | ||
| 999 |
_c396056 _d396056 |
||